Educar con amor y paciencia : (Record no. 103410)

MARC details
000 -CABECERA
campo de control de longitud fija 00754nam a2200217 a 4500
005 - FECHA Y HORA DE LA ÚLTIMA TRANSACCIÓN
campo de control 20241022063651.0
008 - ELEMENTOS DE LONGITUD FIJA--INFORMACIÓN GENERAL
campo de control de longitud fija 040114s2001 mx r 000 0 spa d
020 ## - NÚMERO INTERNACIONAL NORMALIZADO PARA LIBROS
Número Internacional Estándar del Libro 9681908813
035 ## - NÚMERO DE CONTROL DEL SISTEMA
Número de control de sistema UPN01000131255
049 ## - COLECCIÓN
Colección CG
050 #4 - SIGNATURA TOPOGRÁFICA DE LA BIBLIOTECA DEL CONGRESO
Número de clasificación HQ770.4
Número de documento/Ítem W9.4
100 1# - ASIENTO PRINCIPAL--NOMBRE PERSONAL
Nombre de persona Wychoff, Jerry
245 10 - MENCIÓN DE TÍTULO
Título Educar con amor y paciencia :
Resto del título una guía para solucionar los problemas de comportamiento infantil /
Mención de responsabilidad, etc. Jerry Wychoff y Barbara C. Unell ; tr. María del Yerro.
260 ## - PUBLICACIÓN, DISTRIBUCIÓN, ETC.
Lugar de publicación, distribución, etc. México :
Nombre del editor, distribuidor, etc. Aguilar,
Fecha de publicación, distribución, etc. 2001.
300 ## - DESCRIPCIÓN FÍSICA
Extensión 230 p.
534 ## - NOTA SOBRE LA VERSIÓN ORIGINAL
Frase introductoria Traducción de:
Mención de título del original Discipline without shouting or spanking
650 #4 - ASIENTO SECUNDARIO DE MATERIA - TERMINO TEMATICO
Término de materia o nombre geográfico como elemento de entrada Disciplina de niños
9 (RLIN) 14102
650 #4 - ASIENTO SECUNDARIO DE MATERIA - TERMINO TEMATICO
Término de materia o nombre geográfico como elemento de entrada Niños
Subdivisión general Dirección
9 (RLIN) 6094
700 1# - ASIENTO SECUNDARIO--NOMBRE DE PERSONAL
Nombre de persona Unell, Barbara C.,
Fechas asociadas al nombre 1951-
Término indicativo de función/relación coaut.
9 (RLIN) 42399
905 ## - TIPO DE MATERIAL
Tipo de material Libro
Holdings
Estado de retiro Estado de pérdida Fuente del sistema de clasificación o colocación Estado dañado No para préstamo Código de colección Localización permanente Ubicación/localización actual Ubicación en estantería Total de préstamos Clasificación Código de barras Fecha visto por última vez Número de copia Tipo de ítem Koha Fecha de adquisición Fecha del último préstamo
    Library of Congress Classification     Colección General Bib. Gregorio Torres Quintero Bib. Gregorio Torres Quintero Planta baja 33 HQ770.4 W9.4 198425 31/12/2020 1 Libro    
    Library of Congress Classification     Colección General Bib. Gregorio Torres Quintero Bib. Gregorio Torres Quintero Planta baja 23 HQ770.4 W9.4 198424 31/12/2020 1 Libro    
    Library of Congress Classification     Colección General Bib. Gregorio Torres Quintero Bib. Gregorio Torres Quintero Planta baja 25 HQ770.4 W9.4 200403 26/09/2023 1 Libro 07/09/2023 07/09/2023